Villes françaises de foot - Statistiques

Statistiques générales
  • Ce quiz a été pris 157 fois
  • Le résultat moyen est 43 sur 99
Statistiques - réponses
Niveau Indice Réponse % Correct
L1 Bretagne Rennes
96%
L1 Pays de la Loire Nantes
95%
L1 / L2 / N Ile de France Paris
95%
L1 Hauts de France Lille
93%
L1 Hauts de France Lens
91%
L1 Auvergne Rhone Alpes Lyon
91%
L1 Occitanie Toulouse
91%
L1 Bretagne Brest
90%
L1 Pas en France ;) Monaco
90%
L1 Provence Alpes Côte d'Azur Nice
90%
L1 Grand Est Strasbourg
90%
L1 Occitanie Montpellier
89%
L1 Provence Alpes Côte d'Azur Marseille
88%
L1 Auvergne Rhone Alpes Saint-Etienne
87%
L2 Corse Ajaccio
86%
L1 Pays de la Loire Angers
86%
L2 Corse Bastia
86%
L1 Normandie Le Havre
86%
L2 Bretagne Lorient
85%
L1 Grand Est Reims
83%
L1 Bourgogne Franche Comté Auxerre
82%
N2 Nouvelle Aquitaine Bordeaux
81%
L2 Normandie Caen
80%
L2 Grand Est Metz
77%
L2 Auvergne Rhone Alpes Clermont Ferrand
75%
N Bourgogne Franche Comté Dijon
73%
N Grand Est Nancy
72%
L2 Hauts de France Dunkerque
70%
L2 Hauts de France Amiens
68%
L2 Auvergne Rhone Alpes Grenoble
68%
L2 Bretagne Guingamp
67%
N Occitanie Nîmes
67%
L2 Auvergne Rhone Alpes Annecy
64%
L2 Nouvelle Aquitaine Pau
63%
L2 Grand Est Troyes
61%
N Normandie Rouen
60%
N Pays de la Loire Le Mans
59%
L2 Pays de la Loire Laval
56%
N Centre Val de Loire Orléans
56%
N2 Provence Alpes Côte d'Azur Cannes
55%
N Bourgogne Franche Comté Montbéliard
53%
L2 Occitanie Rodez
53%
N Hauts de France Valenciennes
53%
N Auvergne Rhone Alpes Bourg en Bresse
48%
N2 Provence Alpes Côte d'Azur Toulon
48%
N Ile de France Versailles
47%
L2 Provence Alpes Côte d'Azur Martigues
44%
N Hauts de France Boulogne sur Mer
43%
N Centre Val de Loire Châteauroux
42%
N2 Pays de la Loire La Roche sur Yon
38%
N2 Bretagne Saint Brieuc
38%
N Bretagne Concarneau
35%
N2 Bretagne Saint Malo
35%
N Normandie Petit Quevilly
34%
N2 Provence Alpes Côte d'Azur Istres
29%
N2 Nouvelle Aquitaine Poitiers
29%
N2 Ile de France Créteil
28%
N2 Hauts de France Beauvais
26%
N2 Normandie Avranches
25%
N2 Auvergne Rhône Alpes Le Puy en Velay
25%
N Auvergne Rhône Alpes Villefranche sur Saône
24%
L2 Ile de France Saint Ouen sur Seine
23%
N2 Centre Val de Loire Blois
22%
N2 Centre Val de Loire Bourges
21%
N2 Grand Est Epinal
21%
N2 Provence Alpes Côte d'Azur Saint Raphaël
21%
N2 Nouvelle Aquitaine Angoulême
20%
N Provence Alpes Côte d'Azur Aubagne
20%
N2 Nouvelle Aquitaine Bergerac
19%
N2 Hauts de France Chambly
17%
N2 Provence Alpes Côte d'Azur Hyères
17%
N2 Pays de la Loire Les Herbiers
17%
N2 Ile de France Bobigny
16%
N2 Pays de la Loire Saumur
16%
N2 Provence Alpes Côte d'Azur Grasse
13%
N2 Bretagne Dinan
11%
N2 Ile de France Fleury Mérogis
11%
N2 Ile de France Aubervilliers
9%
N2 Normandie Granville
9%
N2 Auvergne Rhône Alpes Saint Priest
9%
N2 Grand Est Thionville
9%
N2 Pays de la Loire Châteaubriant
8%
N2 Corse Furiani
8%
N2 Grand Est Haguenau
8%
N2 Hauts de France Wasquehal
8%
N2 Bretagne Locminé
7%
N2 Provence Alpes Côte d'Azur Marignane
7%
N2 Auvergne Rhone Alpes Andrézieux Bouthéon
6%
N2 Auvergne Rhône Alpes Rumilly
6%
N2 Nouvelle Aquitaine Anglet
5%
N2 Hauts de France Chantilly
5%
N2 Centre Val de Loire Saint Pryvé Saint Mesmin
5%
N2 Grand Est Biesheim
4%
N2 Corse L'Ile Rousse
3%
N2 Auvergne Rhône Alpes Chasselay
2%
N2 Hauts de France Feignies
2%
N2 Pays de la Loire Le Poirée sur Vie
2%
N2 Normandie Villers sur Mer
2%
N2 Bourgogne Franche Comté Moirans en Montagne
1%
Aucun quiz correspondant
Distribution des résultats
% des personnes avec chaque résultat
Percentile par nombre de réponses
Votre historique - résultats
Vous n’avez pas pris ce quiz